All Foreign Players PSV - Statistics

General Stats
  • This quiz has been taken 62 times
    59 since last reset
  • The average score is 63 of 245
Answer Stats
Hint Answer % Correct
Ji-Sung Park
91%
Ronaldo
91%
Romário
84%
Hirving Lozano
81%
Ismael Saibari
81%
Andrés Guardado
78%
Johan Bakayoko
78%
Alex
75%
Gomes
75%
Jefferson Farfán
75%
Ibrahim Sangaré
69%
Francisco Rodríguez
66%
Malik Tillman
66%
Mario Götze
66%
Noni Madueke
66%
Ricardo Pepi
66%
Sergiño Dest
66%
Walter Benítez
66%
Young-Pyo Lee
66%
Erick Gutiérrez
63%
Gastón Pereiro
63%
Ola Toivonen
63%
Ricardo Rodríguez
63%
Santiago Arias
63%
Dries Mertens
59%
Eran Zahavi
59%
Olivier Boscagli
59%
Timmy Simons
59%
André Ramalho
56%
Atiba Hutchinson
56%
Luc Nilis
56%
Mauro Júnior
56%
Angeliño
53%
Arouna Koné
53%
Héctor Moreno
53%
Philipp Max
53%
Balázs Dzsudzsák
50%
Jarrad Branthwaite
50%
Johann Vogel
50%
Marcus Berg
50%
Mateja Kežman
50%
Oleksandr Zinchenko
50%
Timo Baumgartl
50%
Albert Guðmundsson
47%
Bruma
47%
Carlos Salcido
47%
Daniel Schwaab
47%
Eiður Guðjohnsen
47%
Maxi Romero
47%
Michal Sadílek
47%
Ryan Thomas
47%
Yorbe Vertessen
47%
Eloy Room
44%
Lars Unnerstall
44%
Maxime Lestienne
44%
Przemysław Tytoń
44%
Ritsu Dōan
44%
Andreas Isaksson
41%
Eric Addo
41%
Kenneth Pérez
41%
DaMarcus Beasley
38%
Dennis Rommedahl
38%
Edison Méndez
38%
Marcelo
38%
Philipp Mwene
38%
Stanislav Manolev
38%
Yvon Mvogo
38%
Armel Bella-Kotchap
34%
Aziz Behich
34%
Bryan Ruiz
34%
Jason Čulina
34%
Kostas Mitroglou
34%
Nordin Amrabat
34%
Oscar Hiljemark
34%
Tim Matavž
34%
Toni Lato
34%
Danko Lazović
31%
Jürgen Locadia
31%
Simon Poulsen
31%
Trent Sainsbury
31%
Zakaria Labyad
31%
Dante Rigo
28%
Fredrik Oppegård
28%
Ismaïl Aissati
28%
Michael Ball
28%
Nicolas Isimat-Mirin
28%
Søren Lerby
28%
Adil Ramzi
25%
Eric Gerets
25%
Fábio Silva
25%
Florian Jozefzoon
25%
Manuel Da Costa
25%
Marcel Ritzmaier
25%
Thorgan Hazard
25%
Timothy Derijck
25%
Zakaria Bakkali
25%
Adrian Fein
22%
Alcides
22%
Carlos Vinícius
22%
Dries Wuytens
22%
Gheorge Popescu
22%
Henning Munk Jensen
22%
Jan Heintze
22%
Jan Wuytens
22%
Jonathan Reis
22%
Joonas Kolkka
22%
Luiz Da Silva
22%
Mika Väyrynen
22%
Niclas Jensen
22%
Richy Ledezma
22%
Stijn Wuytens
22%
Amar Ćatić
19%
Frank Arnesen
19%
Funso Ojo
19%
Gilles De Bilde
19%
Hallvar Thoresen
19%
Jérémie Bréchet
19%
Kasper Bøgelund
19%
Kjell Peersman
19%
Marcelo Ramos
19%
Nii Lamptey
19%
Ramon-Pascal Lundqvist
19%
Vampeta
19%
Vincent Müller
19%
Zakaria Aboukhlal
19%
Aleksandar Boljević
16%
Anders Nielsen
16%
Csaba Fehér
16%
Daniel Guijo-Velasco
16%
Dmitriy Khokhlov
16%
Ivan Nielsen
16%
Ivica Kralj
16%
Mathias Kjølø
16%
Ole Sørensen
16%
Ovidiu Stîngă
16%
Reimond Manco
16%
Sávio
16%
Suently Alberto
16%
Tommy Christensen
16%
/ Yuriy Nikiforov
16%
Abel Tamata
13%
Anders Svensson
13%
Andrius Skerla
13%
Cássio
13%
Diego Tardelli
13%
Flemming Povlsen
13%
Haibin Zhou
13%
Ibrahim Rabiu
13%
Jeremy Antonisse
13%
Kalusha Bwalya
13%
Khalid Sinouh
13%
Luis Felipe
13%
Maxime Delanghe
13%
Michael Jakobsen
13%
Osmar Ferreyra
13%
Peter Møller
13%
Ralf Edström
13%
Robert
13%
Tomasz Iwan
13%
Tom Van Mol
13%
Trevor Ford
13%
Xiang Sun
13%
Zanka
13%
Archie Thompson
9%
Bent Schmidt Hansen
9%
Björn Nordqvist
9%
Cláudio
9%
Davy Oyen
9%
Édson
9%
Georgi Gakhokidze
9%
Georg Koch
9%
Glenn Hysén
9%
Guy François
9%
Hjörtur Hermansson
9%
Jagoš Vuković
9%
Johan Vonlanthen
9%
Jozef Chovanec
9%
Kenneth Brylle
9%
Kenneth Paal
9%
Klas Ingesson
9%
Kresten Bjerre
9%
Lee Nguyen
9%
Marc Degryse
9%
Nick Deacy
9%
Peter Dahlqvist
9%
Randy Samuel
9%
Slobodan Rajković
9%
Thomas Thorninger
9%
Torbjörn Nilsson
9%
Abel Xavier
6%
Boris Cmiljanić
6%
Bram Castro
6%
Cyril Ngonge
6%
Dan Heiner Ekner
6%
Edik Korchagin
6%
Emmanuel Matuta
6%
Fágner
6%
Fedde Leysen
6%
Gerson
6%
Godwin Attram
6%
Gordon Nutt
6%
Hans Schöne
6%
Horst-Dieter Strich
6%
Horst Nußbaum
6%
Igor Demo
6%
Imad Najah
6%
Johan Devrindt
6%
Jung-Moo Huh
6%
Lazar Radović
6%
Marcos
6%
Marquinho
6%
Mike Franks
6%
Milan Nikolić
6%
Nathan Coe
6%
Pavle Kiš
6%
Pepe Plá
6%
Rob McDonald
6%
Roy Carey
6%
Stefano Marzo
6%
Teddy Maybank
6%
Tijani Belaïd
6%
Toni Allemann
6%
Yves Lenaerts
6%
Željko Petrović
6%
Zvezdan Čebinac
6%
Admir Haznadar
3%
Bilal El Yacoubi
3%
Cleberson
3%
Edno
3%
Gianluca Maria
3%
Guy Dufour
3%
Jan Robersscheuten
3%
Jean Willrich
3%
Jelle De Bock
3%
Jorginho Paulista
3%
Juan Carrizo
3%
Leandro Bonfim
3%
Lindsay Wilson
3%
Matthias Verreth
3%
Nyron Wau
3%
Piotr Matys
3%
Rubén Bentancourt
3%
Sergey Temryukov
3%
Spase Dilevski
3%
Willy Scheepers
3%
No matching quizzes found
Score Distribution
Percent of People with Each Score
Percentile by Number Answered
Your Score History
You have not taken this quiz since the last reset